000 00288nam a2200121Ia 4500
008 191201s2010 xx 000 0 und d
100 _aCHARY, S.N.
245 0 _aProduction and Operations Management
260 _aN. Delhi
_bTMH
_c2010
300 _amisc
650 _aBBA
942 _2ddc
_cBK
999 _c6590
_d6590